Accounting and finance for non-specialists / (Record no. 639)

MARC details
000 -LEADER
fixed length control field 00968cam a22003138a 4500
001 - CONTROL NUMBER
control field 14310872
003 - CONTROL NUMBER IDENTIFIER
control field OSt
005 - DATE AND TIME OF LATEST TRANSACTION
control field 20150710115654.0
008 - FIXED-LENGTH DATA ELEMENTS--GENERAL INFORMATION
fixed length control field 060322s2006 nyu b 000 0 eng
010 ## - LIBRARY OF CONGRESS CONTROL NUMBER
LC control number 2006043493
020 ## - INTERNATIONAL STANDARD BOOK NUMBER
International Standard Book Number 9780273702443
020 ## - INTERNATIONAL STANDARD BOOK NUMBER
International Standard Book Number 0273702440
040 ## - CATALOGING SOURCE
Original cataloging agency DLC
Transcribing agency DLC
042 ## - AUTHENTICATION CODE
Authentication code pcc
050 00 - LIBRARY OF CONGRESS CALL NUMBER
Classification number HF5635
Item number .A882 2006
082 00 - DEWEY DECIMAL CLASSIFICATION NUMBER
Classification number 346.063 ATR
Edition number 22
100 1# - MAIN ENTRY--PERSONAL NAME
Personal name Atrill, Peter.
9 (RLIN) 1847
245 10 - TITLE STATEMENT
Title Accounting and finance for non-specialists /
Statement of responsibility, etc Peter Atrill, Eddie McLaney. _
250 ## - EDITION STATEMENT
Edition statement 5th ed. _
260 ## - PUBLICATION, DISTRIBUTION, ETC. (IMPRINT)
Place of publication, distribution, etc New York, N. Y. :
Name of publisher, distributor, etc Pearson Education,
Date of publication, distribution, etc c2006.
300 ## - PHYSICAL DESCRIPTION
Extent xx,538p. : ill. ; 24cm
504 ## - BIBLIOGRAPHY, ETC. NOTE
Bibliography, etc Includes bibliographical references.
650 #0 - SUBJECT ADDED ENTRY--TOPICAL TERM
Topical term or geographic name as entry element Accounting.
9 (RLIN) 1489
650 #0 - SUBJECT ADDED ENTRY--TOPICAL TERM
Topical term or geographic name as entry element Financial statements.
9 (RLIN) 1848
700 1# - ADDED ENTRY--PERSONAL NAME
Personal name McLaney, E. J.
9 (RLIN) 1813
906 ## - LOCAL DATA ELEMENT F, LDF (RLIN)
a 7
b cbc
c orignew
d 1
e ocip
f 20
g y-gencatlg
942 ## - ADDED ENTRY ELEMENTS (KOHA)
Source of classification or shelving scheme Dewey Decimal Classification
Koha item type Books
Holdings
Withdrawn status Lost status Source of classification or shelving scheme Damaged status Not for loan Home library Current library Shelving location Date acquired Total Checkouts Full call number Barcode Date last seen Price effective from Koha item type
    Dewey Decimal Classification     Law Development Centre Main Library Law Development Centre Main Library Text Books and Laws 04/26/2011   346.063 ATR 2011/2795 04/26/2011 04/26/2011 Books